St. Ronan's Well. From the last revised edition, containing the author's final corrections, notes, &c. Parker's edition

Tallennettuna:
Bibliografiset tiedot
Päätekijä: Scott, Walter (Tekijä)
Aineistotyyppi: Kirja
Kieli:englanti
Julkaistu: Boston Sanborn, Carter and Bazin 1853
Painos:2a. ed
Sarja:Waverley Novels: Library Edition. XVI
Aiheet:
Tagit: Lisää tagi
Ei tageja, Lisää ensimmäinen tagi!

MARC

LEADER 00000nam a2200000 a 4500
001 UCJ7990
003 CL-VaPUC
008 070124e18530000US |||||||||||||||||eng|d
082 0 4 |a 823  |b SCO  |2 21 
100 0 |a Scott, Walter  |e author  |9 354318 
245 1 0 |a St. Ronan's Well. From the last revised edition, containing the author's final corrections, notes, &c. Parker's edition 
250 |a 2a. ed 
300 |a 260 p 
942 |c BK 
945 |d 20070124 00:00:00  |a rinostro 
260 |a Boston  |b Sanborn, Carter and Bazin  |c 1853 
500 |a Dos grabados al inicio 
650 7 |a NOVELA ESCOCESA  |2 CL-VaPUC  |9 330483 
650 0 |a Ilustraciones  |9 369481 
583 |a last modification  |c 20070124 00:00:00  |k Rodrigo Vera 
490 0 |a Waverley Novels: Library Edition. XVI 
999 |c 323850  |d 323848 
952 |0 0  |1 0  |4 0  |6 823_000000000000000_SCO_1853  |7 0  |8 X  |9 403671  |a FDOBUD  |b FDOBUD  |d 2019-11-22  |i 1071173  |o 823 SCO 1853  |p 1071173  |r 2019-11-22  |w 2019-11-22  |y BK_X  |k BUD